[Event "Gibraltar Masters 12th"]
[Site "Caleta"]
[Date "2014.02.04"]
[Round "8"]
[White "Steenbergen, Pepijn"]
[Black "Machlik, Jon"]
[Result "1/2-1/2"]
[WhiteElo "1772"]
[BlackElo "1891"]
[PlyCount "72"]
[EventDate "2014.01.28"]
[EventType "swiss"]
[EventRounds "10"]
[EventCountry "GGB"]
[SourceTitle "CBM 159"]
[Source "ChessBase"]
[SourceDate "2014.03.17"]
[SourceVersion "1"]
[SourceVersionDate "2014.03.17"]
[SourceQuality "1"]

1. e4 e5 2. Nc3 Nc6 3. Bc4 Bc5 4. Nf3 Nf6 5. 0-0 0-0 6. d3 h6 7. Be3 Bb6 8. Nd5 d6 9. Nxb6 axb6 10. h3 Na5 11. Bd5 c6 12. Bb3 Nxb3 13. axb3 Rxa1 14. Qxa1 Nh5 15. Qd1 Nf4 16. Bxf4 exf4 17. Qd2 g5 18. Nh2 f5 19. f3 d5 20. exf5 Bxf5 21. Re1 Re8 22. Kf2 Kf7 23. Nf1 b5 24. d4 b6 25. b4 Qd6 26. c3 Rxe1 27. Kxe1 Qe7+ 28. Qe2 h5 29. Qxe7+ Kxe7 30. Nh2 Kd6 31. Kf2 c5 32. Ke1 c4 33. Kf2 Ke6 34. Ke1 Bd3 35. Kf2 Kf5 36. Ke1 Ke6 1/2-1/2

[Event "Tromsoe NGP op"]
[Site "Tromsoe"]
[Date "2013.11.22"]
[Round "5"]
[White "Machlik, Jon"]
[Black "Machlik, Monika"]
[Result "0-1"]
[WhiteElo "1900"]
[BlackElo "1936"]
[PlyCount "132"]
[EventDate "2013.11.22"]
[EventType "swiss"]
[EventRounds "5"]
[EventCountry "NOR"]
[SourceTitle "CBM 157 Extra"]
[Source "ChessBase"]
[SourceDate "2013.12.19"]
[SourceVersion "1"]
[SourceVersionDate "2013.12.19"]
[SourceQuality "1"]

1. e4 Nf6 2. e5 Nd5 3. d4 d6 4. c4 Nb6 5. exd6 exd6 6. Nf3 Be7 7. Nc3 0-0 8. Be2 Nc6 9. 0-0 Bg4 10. b3 Bf6 11. Be3 Re8 12. Qd3 d5 13. c5 Nc8 14. Rfe1 h6 15. Ng5 Bxg5 16. Bxg4 Bxe3 17. Rxe3 Rxe3 18. Qxe3 N8e7 19. Re1 Ng6 20. Bf5 Nce7 21. Bd3 Qd7 22. Qf3 c6 23. g3 Nf8 24. Ne2 Re8 25. Nf4 Neg6 26. Rxe8 Qxe8 27. Qe2 Qd7 28. Nxg6 Nxg6 29. f4 Nf8 30. Kf2 Qh3 31. Ke1 h5 32. b4 h4 33. g4 Ne6 34. a4 Kf8 35. Bf5 Nxd4 36. Qf2 Qc3+ 37. Kf1 Nxf5 38. gxf5 Qxb4 39. Qxh4 Qc4+ 40. Kg2 Qe2+ 41. Kg1 Qe3+ 42. Kf1 Qd3+ 43. Kg2 Qe4+ 44. Kf1 f6 45. Qh8+ Kf7 46. Qb8 Qf3+ 47. Kg1 Qe3+ 48. Kg2 Qxc5 49. Qxb7+ Kg8 50. Qc8+ Kh7 51. Qe8 Qc2+ 52. Kf3 Qxf5 53. Qxc6 Qe4+ 54. Kg3 Qe3+ 55. Kg4 d4 56. Qf3 Qe6+ 57. Kg3 Qf5 58. Qg4 Qxg4+ 59. Kxg4 f5+ 60. Kf3 Kh6 61. Ke2 Kh5 62. Kd3 Kg4 63. Kxd4 Kxf4 64. a5 Kf3 65. h4 f4 66. Ke5 Kg3 0-1

[Event "NOR-ch U26"]
[Site "Hamar"]
[Date "2013.11.15"]
[Round "1"]
[White "Jorgensen, Bjorn Emil"]
[Black "Machlik, Jon"]
[Result "1/2-1/2"]
[WhiteElo "1358"]
[BlackElo "1867"]
[PlyCount "112"]
[EventDate "2013.11.15"]
[EventType "swiss"]
[EventRounds "7"]
[EventCountry "NOR"]
[SourceTitle "EXT 2024"]
[Source "ChessBase"]
[SourceDate "2023.10.10"]
[SourceVersion "1"]
[SourceVersionDate "2023.10.10"]
[SourceQuality "1"]

1. e4 e5 2. Nf3 Nf6 3. Bb5 a6 4. Ba4 b5 5. Bb3 Nc6 6. 0-0 Be7 7. Re1 d6 8. h3 Na5 9. c3 Nxb3 10. axb3 c5 11. d4 cxd4 12. cxd4 Qc7 13. Nc3 Bb7 14. b4 0-0 15. Bd2 Rac8 16. Rc1 Qb8 17. d5 Nd7 18. Qe2 Nb6 19. b3 f5 20. Bg5 Rce8 21. Red1 fxe4 22. Qxe4 Rxf3 23. Bxe7 Rxc3 24. Rxc3 Rxe7 25. Rcd3 Rf7 26. Qg4 Bc8 27. Qg5 Bf5 28. Rc3 h6 29. Qh4 Qb7 30. Qd8+ Kh7 31. Qxd6 Rd7 32. Qxe5 Rxd5 33. Rxd5 Qxd5 34. Qg3 Nd7 35. Rc7 Kg8 36. Rc8+ Kf7 37. Qe3 Qd1+ 38. Kh2 Qd6+ 39. Kg1 Ne5 40. Qa7+ Kg6 41. Rc7 Qf6 42. Rb7 Nd7 43. Rxd7 Bxd7 44. Qxd7 h5 45. g4 hxg4 46. Qxg4+ Kf7 47. Qd7+ Kg6 48. Qg4+ Kh6 49. Kg2 g5 50. Qe4 Kh5 51. Qg4+ Kg6 52. Qe4+ Kg7 53. Qb7+ Kf8 54. Qc8+ Ke7 55. Qc7+ Ke8 56. Qc8+ Kf7 1/2-1/2